00389nam a2200121 i 4500001000300000100002000003245006800023260002100091040000800112041000800120008004100128856009800169bg1 aSZMIELEW, Wanda 0aOd geometrii afinicznej do euklidesowej. .55 /cWanda Szmielew. aWarszawa,c1981. cBPK apol s pl f |000 0 pol  uhttp://koha.tu.koszalin.pl/cgi-bin/koha/opac-detail.pl?biblionumber=19884yKatalog online BPK